Ohrozenia globálneho prostredia a možnosti ich riešenia

Klasifikácia druhov globálneho prostredia. Príležitosti a ohrozenia jednotlivých druhov globálneho prostredia. Model celostnej manažérskej kompetentnosti.

Guardado en:
Detalles Bibliográficos
Autor principal: Porvazník, Ján
Formato: Capítulo de libro
Lenguaje:eslovaco
Materias:
Etiquetas: Agregar Etiqueta
Sin Etiquetas, Sea el primero en etiquetar este registro!

MARC

LEADER 00000nla a2200000 4500
001 0228040
005 20240417075112.1
041 0 |a slo 
044 |a SK 
245 1 0 |a Ohrozenia globálneho prostredia a možnosti ich riešenia  |c Ján Porvazník 
520 |a Klasifikácia druhov globálneho prostredia. Príležitosti a ohrozenia jednotlivých druhov globálneho prostredia. Model celostnej manažérskej kompetentnosti. 
610 2 0 |a globalizácia 
610 2 0 |a prostredie ekonomické 
610 2 0 |a kompetencie manažérske 
610 2 0 |a manažment celostný 
100 1 |a Porvazník, Ján